000 00882cam a22002533a 4500
001 18544
003 PGUSA
005 20140828083408.0
008 060609s2006||||xxu|||||s|||||000 | eng d
040 _aPGUSA
_beng
042 _adc
050 4 _aDT
100 1 _aRichardson, James,
_d1806-1851
245 1 0 _aNarrative of a Mission to Central Africa Performed in the Years 1850-51, Volume 2 :
_bUnder the Orders and at the Expense of Her Majesty's Government
_h[electronic resource] /
_cJames Richardson
260 _bProject Gutenberg,
_c2006
506 _aPublic domain in the USA.
516 _aElectronic text
653 _aRichardson, James, 1806-1851
653 _aAfrica, North -- Description and travel
653 _aAfrica, Central -- Description and travel
830 0 _aProject Gutenberg
_v18544
856 4 0 _uhttp://www.gutenberg.org/ebooks/18544
942 _cEB
999 _c247799
_d247799